| 000 | 00693nam a2200205 a 4500 | ||
|---|---|---|---|
| 003 | 0 | ||
| 005 | 20250201081959.0 | ||
| 008 | 130901s19uu xx 00 eng d | ||
| 050 |
_aPGS TP 994 _b.C532 2013 |
||
| 100 | _aChiang, Clarissa | ||
| 245 |
_aCornstarch as an alternative detergent / _cClarissa Chiang. |
||
| 260 |
_aLas PiƱas City, Philippines : _bSouthville International School and Colleges, _c2013. |
||
| 300 |
_a20 p. : _bill. ; _c28 cm. |
||
| 504 | _aIncludes bibliographical references. | ||
| 650 |
_aDetergents _vAlternative uses. |
||
| 650 |
_aCornstarch _vIndustrial applications. |
||
| 650 | _aBiodegradable detergents. | ||
| 650 | _aSurfactants. | ||
| 942 |
_2lcc _cPASS |
||
| 999 |
_c99074 _d99074 |
||